Nopea näppäily A-Ö takaperin - Statistics

Yleistilastot
  • Tätä visaa on pelattu 1 465 kertaa
  • Keskiarvotulos 7 / 29
Vastaustilastot
Kirjain % Oikein
Ö
96%
Ä
92%
Å
80%
Z
64%
Y
53%
X
46%
W
32%
V
31%
U
24%
T
21%
S
19%
R
15%
Q
11%
P
10%
A
8%
O
8%
B
7%
M
7%
N
7%
C
6%
K
6%
L
6%
D
5%
F
5%
G
5%
I
5%
J
5%
E
4%
H
4%
Ehtoja vastaavia visoja ei löytynyt
Tulosjakauma
Jokaisen tuloksen saaneiden osuus
Persentiili vastausten määrän mukaan
Tuloshistoriasi
Et ole pelannut tätä visaa